Jak je zkoušky nesložily.

Rozhovor s prorektorom pre pedagogiku na VŠE Praha o priebehu tohoročných prijímacích skúšiek, o nedostatkoch študentov stredných ekonomických škôl, o narastajúcom počte uchádzačov o štúdium na VŠE, o najvyhľadávanejších fakultách, o spôsobe výberu študentov na štúdium na VŠE a o právomoci vysokej š...

Ausführliche Beschreibung

Gespeichert in:
Bibliographische Detailangaben
1. Verfasser: Seger, J.
Weitere Verfasser: Profousová, H.
Format: Buchkapitel
Sprache:Tschechisch
Schlagworte:
Tags: Tag hinzufügen
Keine Tags, Fügen Sie das erste Tag hinzu!

MARC

LEADER 00000naa a2200000 4500
001 r008633
005 20220831090150.5
041 0 |a cze 
044 |a [CS] 
245 1 0 |a Jak je zkoušky nesložily.  |c J. Seger, H. Profousová 
520 |a Rozhovor s prorektorom pre pedagogiku na VŠE Praha o priebehu tohoročných prijímacích skúšiek, o nedostatkoch študentov stredných ekonomických škôl, o narastajúcom počte uchádzačov o štúdium na VŠE, o najvyhľadávanejších fakultách, o spôsobe výberu študentov na štúdium na VŠE a o právomoci vysokej školy v oblasti prijímacích skúšok a odvolacieho pokračovania. 
610 2 0 |a Vysoká škola ekonomická v Prahe 
610 2 0 |a skúšky prijímacie 
610 2 0 |a 1992 
100 1 |a Seger, J. 
700 1 |a Profousová, H.